000
00256nam a22001217a 4500
020
_a
0-307-12886-5
082
_a
823
_b
LUN/P
100
_a
LUNDELL, MARGO
245
_a
POCAHONTAS
260
_a
USA
_b
DISNEY
650
_a
ENGLISH SHORT STORY
_z
USA
942
_c
BK
999
_c
3412
_d
3412